Catálogo
 En Linea

Historia del derecho dominicano / (Registro nro. 48569)

Detalles MARC
000 -CABECERA
campo de control de longitud fija 02024nam a2200361 i 4500
001 - NÚMERO DE CONTROL
campo de control 000049081
003 - IDENTIFICADOR DEL NÚMERO DE CONTROL
campo de control DO-SdBNP
005 - FECHA Y HORA DE LA ÚLTIMA TRANSACCIÓN
campo de control 20240822105428.0
007 - CAMPO FIJO DE DESCRIPCIÓN FÍSICA--INFORMACIÓN GENERAL
campo de control de longitud fija ta
008 - DATOS DE LONGITUD FIJA--INFORMACIÓN GENERAL
campo de control de longitud fija 091117s2006 dr 000 0 spa d
020 ## - NÚMERO INTERNACIONAL ESTÁNDAR DEL LIBRO
Número Internacional Estándar del Libro 8489525234
040 ## - FUENTE DE LA CATALOGACIÓN
Centro catalogador/agencia de origen DO-SdBNP
Lengua de catalogación spa
Centro/agencia transcriptor BNPHU
Normas de descripción rda
082 #4 - NÚMERO DE LA CLASIFICACIÓN DECIMAL DEWEY
Número de clasificación 349.7293
Número de documento/Ítem V422h, 2006
Número de edición 22
100 1# - ENTRADA PRINCIPAL--NOMBRE DE PERSONA
Nombre de persona Vega B., Wenceslao,
Fechas asociadas al nombre 1932-
9 (RLIN) 38670
Término indicativo de función/relación autor
245 10 - MENCIÓN DE TÍTULO
Título Historia del derecho dominicano /
Mención de responsabilidad, etc. Wenceslao Vega B.
250 ## - MENCIÓN DE EDICIÓN
Mención de edición 5a. edición actualizada hasta 2005
264 ## - PRODUCCIÓN, PUBLICACIÓN, DISTRIBUCIÓN, FABRICACIÓN Y COPYRIGHT
Producción, publicación, distribución, fabricación y copyright Santo Domingo :
Nombre del de productor, editor, distribuidor, fabricante INTEC,
Fecha de producción, publicación, distribución, fabricación o copyright 2006.
300 ## - DESCRIPCIÓN FÍSICA
Extensión xii, 486 páginas ;
Dimensiones 23 cm.
336 ## - TIPO DE CONTENIDO
Fuente rdacontent
Término de tipo de contenido texto
Código de tipo de contenido txt
337 ## - TIPO DE MEDIO
Fuente rdamedia
Nombre/término del tipo de medio sin mediación
Código del tipo de medio n
338 ## - TIPO DE SOPORTE
Fuente rdacarrier
Nombre/término del tipo de soporte volumen
Código del tipo de soporte nc
500 ## - NOTA GENERAL
Nota general Incluye datos biográficos del autor en la solapa de la cubierta.
500 ## - NOTA GENERAL
Nota general Incluye referencias bibliográficas y notas al pie de las páginas.
500 ## - NOTA GENERAL
Nota general Incluye índice analítico : páginas 441-486
504 ## - NOTA DE BIBLIOGRAFÍA, ETC.
Nota de bibliografía, etc. Bibliografía : páginas 435-440
505 0# - NOTA DE CONTENIDO CON FORMATO
Nota de contenido con formato Antecedentes --
Título El derecho castellano a fines del siglo XV --
-- El derecho en la sociedad Taína en la Española --
-- El derecho al descubrimiento --
-- El primer derecho en la Isla Española --
-- Los primeros experimentos jurídicos --
-- El derecho indiano dominicano --
-- El derecho en los últimos años de la colonia Española --
-- La ocupación francesa --
-- El segundo período español (1809-1821) --
-- La primera independencia --
-- 1822-1844 --
-- El período haitiano --
-- 1844-1861--
-- El primer derecho dominicano --
-- 1861-1865 --
-- Anexión a España --
-- 1865-1899 --
-- 1900-1916 --
-- La intervención militar norteamericana 1916-1924 --
-- Gobierno de Vásquez --
-- La Era de Trujillo --
-- Ensayos democráticos.
590 ## - NOTA LOCAL (RLIN)
Nota local Inventariado,2019/VM
650 #4 - PUNTO DE ACCESO ADICIONAL DE MATERIA--TÉRMINO DE MATERIA
Término de materia o nombre geográfico como elemento de entrada Derecho
Subdivisión general Legislacion
Subdivisión geográfica República Dominicana
9 (RLIN) 43316
650 #4 - PUNTO DE ACCESO ADICIONAL DE MATERIA--TÉRMINO DE MATERIA
Término de materia o nombre geográfico como elemento de entrada Derecho civil
Subdivisión geográfica República Dominicana
Subdivisión general Historia
9 (RLIN) 43317
651 #4 - PUNTO DE ACCESO ADICIONAL DE MATERIA--NOMBRE GEOGRÁFICO
Nombre geográfico República Dominicana
Subdivisión general Legislación
-- Historia
9 (RLIN) 12433
910 ## - DATOS DE OPCIÓN DEL USUARIO (OCLC)
Datos de opción del usuario VMateo. Validado. Control de calidad /MAA
942 ## - ELEMENTOS DE PUNTO DE ACCESO ADICIONAL (KOHA)
Fuente del sistema de clasificación o colocación Dewey Decimal Classification
Tipo de ítem Koha Libro
Existencias
Estado de retiro Estado de pérdida Fuente del sistema de clasificación o colocación Restricciones de uso No para préstamo Código de colección Localización permanente Ubicación/localización actual Ubicación en estantería Fecha de adquisición Fuente de adquisición Número de inventario Signatura topográfica completa Código de barras Fecha visto por última vez Precio válido a partir de Tipo de ítem Koha Número de copia
    Dewey Decimal Classification Excluido de préstamo   Patrimonio Dominicano Biblioteca Nacional Pedro Henríquez Ureña Biblioteca Nacional Pedro Henríquez Ureña Depósito 17.07.2019 Depósito Legal BNPHU PD 349.7293 V422h 2006 49082-10 25.06.2020 25.06.2020 Libro  
    Dewey Decimal Classification Excluido de préstamo   Patrimonio Dominicano Biblioteca Nacional Pedro Henríquez Ureña Biblioteca Nacional Pedro Henríquez Ureña Depósito 23.11.2020 Donado por Maritza Báez   BNPHU PD 349.7293 V422h 2006 2020-0555 23.11.2020 23.11.2020 Libro e.2
    Dewey Decimal Classification Préstamo en sala   Dominicana de Servicio Biblioteca Nacional Pedro Henríquez Ureña Biblioteca Nacional Pedro Henríquez Ureña Extraviado 17.12.2020 Depósito Legal   BNPHU DS 349.7293 V422h 2006 2020-0784 17.12.2020 17.12.2020 Libro e.3

Con tecnología Koha